[Event "Quebec op"]
[Site "Montreal CAN"]
[Date "2006.07.14"]
[Round "8"]
[White "Desjardins, Michel"]
[Black "Saint Amand, Paul"]
[Result "1/2-1/2"]
[WhiteElo "1907"]
[BlackElo "2040"]
[PlyCount "49"]
[EventDate "2006.07.08"]
[EventType "swiss"]
[EventRounds "9"]
[EventCountry "CAN"]

1. e4 c5 2. Nc3 Nc6 3. g3 g6 4. Bg2 Bg7 5. d3 d6 6. Be3 e5 7. Qd2 Nge7 8. Bh6
Bxh6 9. Qxh6 Nd4 10. Rc1 Qb6 11. Nd1 Be6 12. c3 Ndc6 13. Nf3 Bxa2 14. Bh3 Be6
15. Bxe6 fxe6 16. Ng5 Kd7 17. Qh3 Nd8 18. O-O h6 19. Ne3 Rf8 20. Qxh6 Nf7 21.
Nxf7 Rxf7 22. Nc4 Qd8 23. Rcd1 b5 24. b4 cxb4 25. cxb4 1/2-1/2

[Event "Quebec op"]
[Site "Montreal CAN"]
[Date "2006.07.14"]
[Round "8"]
[White "Dimev, Kiril"]
[Black "Morin, Louis"]
[Result "1-0"]
[WhiteElo "2014"]
[BlackElo "1888"]
[PlyCount "59"]
[EventDate "2006.07.08"]
[EventType "swiss"]
[EventRounds "9"]
[EventCountry "CAN"]

1. d4 e5 2. dxe5 Nc6 3. Nf3 Qe7 4. Nc3 Nxe5 5. e4 d6 6. Nd5 Qd8 7. Bf4 c6 8.
Nc3 Qc7 9. Be2 Nf6 10. h3 Be7 11. Qd4 Nfd7 12. Bh2 O-O 13. O-O Nxf3+ 14. Bxf3
Ne5 15. Be2 Bf6 16. Qd2 Be6 17. b3 Qa5 18. Rad1 Nc4 19. Bxc4 Bxc3 20. Qe2 Bxc4
21. Qxc4 Be5 22. f4 Bf6 23. Rxd6 Qxa2 24. e5 Bd8 25. Rd7 Rb8 26. Kh1 Ba5 27. f5
b5 28. Qe4 Bb6 29. f6 g5 30. e6 1-0

[Event "Quebec op"]
[Site "Montreal CAN"]
[Date "2006.07.14"]
[Round "8"]
[White "Fareh, Youness"]
[Black "Khassanov, Marat"]
[Result "0-1"]
[WhiteElo "2200"]
[BlackElo "2318"]
[PlyCount "85"]
[EventDate "2006.07.08"]
[EventType "swiss"]
[EventRounds "9"]
[EventCountry "CAN"]

1. Nf3 Nf6 2. g3 b6 3. Bg2 Bb7 4. c4 c5 5. Nc3 e6 6. O-O Be7 7. Qc2 O-O 8. b3
Nc6 9. Bb2 d5 10. cxd5 Nxd5 11. Rad1 Nc7 12. a3 Rb8 13. e3 Ba6 14. d3 Bf6 15.
Rd2 e5 16. Ne4 Ne6 17. Nxf6+ Qxf6 18. Ne1 Ned8 19. Qc3 Rc8 20. Kh1 Qe6 21. Be4
f6 22. f4 Nf7 23. Ng2 Ne7 24. Nh4 Nd5 25. Bxd5 Qxd5+ 26. e4 Qd7 27. Nf5 Rfe8
28. Rf3 Rcd8 29. Ne3 exf4 30. gxf4 Rxe4 31. Rg2 Rd4 32. Rfg3 g6 33. Qc2 Rxf4
34. Ng4 Qc6 35. Kg1 Bb7 36. Nxf6+ Rxf6 37. Bxf6 Qxf6 38. Rf2 Qa1+ 39. Rf1 Qd4+
40. Rf2 Qd5 41. Rfg2 Ne5 42. Qe2 Rf8 43. Qe4 0-1

[Event "Quebec op"]
[Site "Montreal CAN"]
[Date "2006.07.14"]
[Round "8"]
[White "Fillion, Steve"]
[Black "Dupuis, Stephane"]
[Result "1-0"]
[WhiteElo "2092"]
[BlackElo "2163"]
[PlyCount "31"]
[EventDate "2006.07.08"]
[EventType "swiss"]
[EventRounds "9"]
[EventCountry "CAN"]

1. d4 d6 2. e4 Nf6 3. Nc3 g6 4. Bg5 c6 5. Qd2 b5 6. Bd3 Qb6 7. Nf3 Bg7 8. h3
Nbd7 9. O-O O-O 10. e5 b4 11. Na4 Qa5 12. exf6 exf6 13. Bf4 Qxa4 14. Bxd6 Nb6
15. Bxb4 Nd5 16. Bc5 1-0

[Event "Quebec op"]
[Site "Montreal CAN"]
[Date "2006.07.14"]
[Round "8"]
[White "Forget, David"]
[Black "Bergeron, Marc"]
[Result "0-1"]
[WhiteElo "1929"]
[BlackElo "2009"]
[PlyCount "78"]
[EventDate "2006.07.08"]
[EventType "swiss"]
[EventRounds "9"]
[EventCountry "CAN"]

1. d4 Nf6 2. c4 g6 3. Nc3 Bg7 4. e4 d6 5. Nf3 O-O 6. Be2 e5 7. O-O Nc6 8. d5
Ne7 9. Bg5 h6 10. Bd2 Nd7 11. b4 f5 12. exf5 gxf5 13. Qc1 Kh7 14. Rb1 Ng6 15.
Bg5 hxg5 16. Nxg5+ Kg8 17. Ne6 Qe7 18. Nxf8 Ndxf8 19. Re1 Kh7 20. Bd3 a6 21.
Ne2 Bh6 22. Qd1 Qg5 23. c5 Bd7 24. cxd6 cxd6 25. Rc1 Nh4 26. Ng3 Qxc1 27. Qxc1
Bxc1 28. Rxc1 Rc8 29. Rxc8 Bxc8 30. Nh5 Kg6 31. Be2 f4 32. g4 Kg5 33. h3 e4 34.
Ng7 Bd7 35. Bc4 Kf6 36. Nh5+ Ke5 37. Kf1 Nf3 38. Kg2 Nd2 39. Be2 f3+ 0-1

[Event "Quebec op"]
[Site "Montreal CAN"]
[Date "2006.07.14"]
[Round "8"]
[White "Forget, Luc"]
[Black "Gilman, Arkadiy"]
[Result "0-1"]
[WhiteElo "1977"]
[BlackElo "2191"]
[PlyCount "64"]
[EventDate "2006.07.08"]
[EventType "swiss"]
[EventRounds "9"]
[EventCountry "CAN"]

1. d4 d5 2. c4 c6 3. Nf3 Nf6 4. Nc3 g6 5. c5 Nbd7 6. e3 e5 7. b4 e4 8. Nd2 a6
9. Be2 Bh6 10. Nf1 Bg7 11. a4 b6 12. cxb6 Qxb6 13. Bd2 O-O 14. g4 Ne8 15. Ng3
Nd6 16. O-O Qc7 17. a5 f5 18. gxf5 Nxf5 19. Rc1 Qd8 20. Nxf5 Rxf5 21. f4 exf3
22. Rxf3 Nf6 23. Qf1 Rxf3 24. Bxf3 Bf5 25. Na4 Ne4 26. Qe2 Qg5+ 27. Kh1 Nxd2
28. Qxd2 Re8 29. Re1 Bh6 30. Nc3 Rxe3 31. Rxe3 Qxe3 32. Qxe3 Bxe3 0-1

[Event "Quebec op"]
[Site "Montreal CAN"]
[Date "2006.07.14"]
[Round "8"]
[White "Kleinplatz, Sam"]
[Black "Luksza, Arkadiusz"]
[Result "1-0"]
[WhiteElo "2263"]
[BlackElo "2181"]
[PlyCount "68"]
[EventDate "2006.07.08"]
[EventType "swiss"]
[EventRounds "9"]
[EventCountry "CAN"]

1. Nf3 Nf6 2. c4 g6 3. Nc3 d5 4. cxd5 Nxd5 5. Qa4+ Nc6 6. Ne5 Nxc3 7. dxc3 Bd7
8. Nxd7 Qxd7 9. e4 a6 10. Bf4 Rd8 11. Be2 Bg7 12. Rd1 Qe6 13. Bxc7 Rxd1+ 14.
Bxd1 O-O 15. O-O Qc8 16. Bb6 Ne5 17. Be2 Nd7 18. Be3 e5 19. Rd1 Nc5 20. Qc4 Ne6
21. Qxc8 Rxc8 22. Bg4 Rd8 23. Rxd8+ Nxd8 24. Bc8 Kf8 25. Kf1 Ke8 26. Bc5 Bf8
27. Bxf8 Kxf8 28. c4 Ke7 29. c5 a5 30. Ke2 Ne6 31. Bxe6 fxe6 32. Kd3 Kd7 33.
Kc4 Kc6 34. b3 h6 1-0

[Event "Quebec op"]
[Site "Montreal CAN"]
[Date "2006.07.14"]
[Round "8"]
[White "Moiseenko, Alexander"]
[Black "Chabot, Roland"]
[Result "1-0"]
[WhiteElo "2662"]
[BlackElo "2287"]
[PlyCount "63"]
[EventDate "2006.07.08"]
[EventType "swiss"]
[EventRounds "9"]
[EventCountry "CAN"]

1. d4 f5 2. Nc3 Nf6 3. Bg5 d5 4. Bxf6 exf6 5. e3 Be6 6. Qf3 Qd7 7. Bb5 Nc6 8.
Nge2 Rd8 9. Nf4 Bf7 10. Nd3 g6 11. O-O a6 12. Ba4 b5 13. Bb3 h5 14. Rfe1 Bb4
15. Nxb4 Nxb4 16. e4 dxe4 17. Nxe4 Kf8 18. Nc5 Qc6 19. Qxc6 Nxc6 20. c3 Rd6 21.
Nxa6 Nxd4 22. Nxc7 Bxb3 23. cxd4 Bc4 24. b3 Bf7 25. Nxb5 Rd5 26. a4 Kg7 27.
Rac1 Rd7 28. Rc3 Rhd8 29. f3 Rb7 30. Kf2 Be8 31. Rxe8 Rxe8 32. Nd6 1-0

[Event "Quebec op"]
[Site "Montreal CAN"]
[Date "2006.07.14"]
[Round "8"]
[White "Nicula, Marius"]
[Black "Pitre, Francois"]
[Result "1/2-1/2"]
[WhiteElo "2131"]
[BlackElo "1997"]
[PlyCount "92"]
[EventDate "2006.07.08"]
[EventType "swiss"]
[EventRounds "9"]
[EventCountry "CAN"]

1. Nf3 d5 2. g3 Nf6 3. Bg2 Bf5 4. c4 e6 5. Qb3 Nc6 6. O-O Be7 7. cxd5 exd5 8.
d4 O-O 9. Nc3 Na5 10. Qd1 Nc4 11. Ne5 Nb6 12. b3 c6 13. Bb2 Re8 14. f3 h6 15.
g4 Bh7 16. e3 Nbd7 17. f4 Nxe5 18. fxe5 Nd7 19. e4 Nb6 20. exd5 Nxd5 21. Nxd5
cxd5 22. Qf3 Bg6 23. Qxd5 Qc8 24. h3 Qc2 25. Rf2 Qd3 26. Qf3 Bg5 27. Qxd3 Bxd3
28. Bc1 Rad8 29. Bxg5 hxg5 30. Rd2 Ba6 31. Re1 b6 32. Bc6 Re7 33. d5 Bb7 34.
Bxb7 Rxb7 35. e6 Re7 36. exf7+ Kxf7 37. Rxe7+ Kxe7 38. Kf2 Kd6 39. Ke3 Rh8 40.
Ke4 Rxh3 41. Kf5 Rf3+ 42. Kxg5 Rf6 43. Kh5 Rh6+ 44. Kg5 Rf6 45. Rc2 Kxd5 46.
Rc7 a5 1/2-1/2

[Event "Quebec op"]
[Site "Montreal CAN"]
[Date "2006.07.14"]
[Round "8"]
[White "Ruiz, Sebastian"]
[Black "Hajiyev, Elshad"]
[Result "0-1"]
[WhiteElo "2110"]
[BlackElo "2007"]
[PlyCount "112"]
[EventDate "2006.07.08"]
[EventType "swiss"]
[EventRounds "9"]
[EventCountry "CAN"]

1. e4 c5 2. Na3 Nc6 3. Bb5 Nf6 4. d3 d6 5. c3 Bd7 6. f4 a6 7. Ba4 b5 8. Bb3 Na5
9. Nf3 Qb6 10. Qe2 g6 11. Nc2 c4 12. dxc4 bxc4 13. Bxc4 Nxc4 14. Qxc4 Bb5 15.
Qd4 Qxd4 16. Ncxd4 Nxe4 17. Nxb5 axb5 18. Nd4 Rb8 19. Nc6 Rb7 20. Be3 Bg7 21.
Ke2 Kd7 22. Nb4 h5 23. Rac1 e6 24. Bd4 f6 25. Nd3 Rc8 26. Ra1 Rc4 27. Kf3 d5
28. Rhc1 Kd6 29. Nf2 e5 30. Be3 Nxf2 31. Kxf2 exf4 32. Bd4 f5 33. Bxg7 Rxg7 34.
b3 Re4 35. a4 bxa4 36. bxa4 Rge7 37. h4 Re2+ 38. Kf3 R7e4 39. Rd1 R2e3+ 40. Kf2
Rxc3 41. a5 Rc2+ 42. Kf3 Rcc4 43. a6 Re3+ 44. Kf2 Rc2+ 45. Kf1 Ree2 46. a7 Rf2+
47. Kg1 Rxg2+ 48. Kf1 Rcf2+ 49. Ke1 Ra2 50. Kf1 Rh2 51. Kg1 Rag2+ 52. Kf1 f3
53. Rxd5+ Ke6 54. Re1+ Kf6 55. Rd6+ Kg7 56. Rxg6+ Kxg6 0-1

[Event "Quebec op"]
[Site "Montreal CAN"]
[Date "2006.07.14"]
[Round "8"]
[White "Swathi, Ghate"]
[Black "Robichaud, Louis"]
[Result "1-0"]
[WhiteElo "2376"]
[BlackElo "2081"]
[PlyCount "63"]
[EventDate "2006.07.08"]
[EventType "swiss"]
[EventRounds "9"]
[EventCountry "CAN"]

1. e4 e5 2. Nf3 Nc6 3. Bb5 a6 4. Ba4 Nf6 5. O-O Nxe4 6. d4 b5 7. Bb3 d5 8. dxe5
Be6 9. Nbd2 Nc5 10. c3 d4 11. Ng5 Qxg5 12. Qf3 O-O-O 13. Bxe6+ fxe6 14. Qxc6
Qxe5 15. b4 Qd5 16. Qxd5 exd5 17. bxc5 dxc3 18. Nb3 d4 19. Ba3 g6 20. Bb4 Bg7
21. a4 d3 22. axb5 d2 23. c6 Kb8 24. Rad1 Rd5 25. Nc5 Rxc5 26. Bxc5 Rd8 27.
bxa6 c2 28. Be3 cxd1=Q 29. Rxd1 Bc3 30. Kf1 Rd6 31. Ke2 Rxc6 32. a7+ 1-0

[Event "Quebec op"]
[Site "Montreal CAN"]
[Date "2006.07.14"]
[Round "8"]
[White "Trinh, Tri Bao"]
[Black "Cloutier, Mathieu"]
[Result "1/2-1/2"]
[WhiteElo "2011"]
[BlackElo "2059"]
[PlyCount "41"]
[EventDate "2006.07.08"]
[EventType "swiss"]
[EventRounds "9"]
[EventCountry "CAN"]

1. e4 c6 2. d4 d5 3. e5 Bf5 4. h4 h5 5. c4 e6 6. Nc3 Nd7 7. cxd5 exd5 8. Bd3
Bxd3 9. Qxd3 Ne7 10. Nge2 Qb6 11. O-O O-O-O 12. b4 Qxb4 13. Bf4 Qc4 14. Qf3 f6
15. e6 Nb6 16. Bh2 Ng8 17. Qg3 Bd6 18. Qxg7 Bxh2+ 19. Kxh2 Nh6 20. f3 Qb4 21.
Qxf6 1/2-1/2

[Event "Quebec op"]
[Site "Montreal CAN"]
[Date "2006.07.14"]
[Round "8"]
[White "Vallieres, Mario"]
[Black "Jiang, Louie"]
[Result "0-1"]
[WhiteElo "2055"]
[BlackElo "1997"]
[PlyCount "78"]
[EventDate "2006.07.08"]
[EventType "swiss"]
[EventRounds "9"]
[EventCountry "CAN"]

1. d4 d5 2. Nc3 Nf6 3. Bg5 Nbd7 4. Qd3 c6 5. e4 dxe4 6. Nxe4 e5 7. O-O-O Qa5 8.
Bxf6 Nxf6 9. Nxf6+ gxf6 10. a3 Bg4 11. Be2 Be6 12. Nf3 Bh6+ 13. Kb1 O-O-O 14.
Qe4 exd4 15. Nxd4 f5 16. Qf3 Bg7 17. c3 Bxd4 18. cxd4 Qd5 19. Qxd5 Bxd5 20. f3
Rd6 21. Kc2 Rg8 22. Rhg1 Rh6 23. h3 Rg3 24. Bd3 Be6 25. Bf1 Rhxh3 26. gxh3 Rxg1
27. f4 Bd5 28. Bd3 Bb3+ 29. Kxb3 Rxd1 30. Bxf5+ Kd8 31. Kc3 h5 32. Be4 Rf1 33.
f5 Rf4 34. Kd3 Rf2 35. b4 Rh2 36. a4 Rxh3+ 37. Kc4 Kc7 38. d5 Rh4 39. Kd4 f6
0-1

[Event "Quebec op"]
[Site "Montreal CAN"]
[Date "2006.07.14"]
[Round "8"]
[White "Voskanyan, Vahagn"]
[Black "Anastasovski, Nikola"]
[Result "1/2-1/2"]
[WhiteElo "2346"]
[BlackElo "2128"]
[PlyCount "145"]
[EventDate "2006.07.08"]
[EventType "swiss"]
[EventRounds "9"]
[EventCountry "CAN"]

1. Nf3 c5 2. e4 Nc6 3. d4 cxd4 4. Nxd4 e5 5. Nb5 d6 6. c4 a6 7. N5a3 Nf6 8. Nc3
Be7 9. Be2 Be6 10. Be3 O-O 11. O-O Rc8 12. Rc1 Nd7 13. Nd5 Bg5 14. Nc2 f5 15.
exf5 Bxf5 16. Bg4 g6 17. Qd2 Bxe3 18. Ndxe3 Nc5 19. Rcd1 Ne4 20. Qd5+ Kh8 21.
Bxf5 gxf5 22. Nxf5 Rxf5 23. Qxe4 Qf6 24. Rxd6 Qg5 25. Rd7 Rcf8 26. Ne3 R5f7 27.
Rxf7 Rxf7 28. Rd1 Nd4 29. Kf1 Qh5 30. Ng4 Nc6 31. h3 Rf4 32. Qd5 Qf5 33. Qd7
Qxd7 34. Rxd7 Rxc4 35. Nf6 Rh4 36. Rxb7 Rh6 37. Rf7 a5 38. Ne4 Nd4 39. Ra7 Nc6
40. Rc7 Kg8 41. g4 Nb4 42. Kg2 Nd3 43. Ng5 Nxb2 44. Rc5 Nd3 45. Rxa5 Rf6 46.
Ne4 Rf4 47. Ra4 Kf7 48. Kg3 h6 49. Ra3 Nc1 50. f3 Ne2+ 51. Kg2 Nd4 52. Ra7+ Kg6
53. Ra6+ Kg7 54. Nd2 Rf7 55. h4 Rc7 56. Kf2 Rc3 57. Ra7+ Kf8 58. Rh7 Rd3 59.
Ke1 Re3+ 60. Kd1 Ra3 61. Rxh6 Rxa2 62. Ke1 Kg7 63. g5 Nf5 64. Rf6 Nxh4 65. Ne4
Ng2+ 66. Kd1 Nf4 67. Rc6 Ra3 68. Nd2 Nh3 69. Nc4 Rxf3 70. Nxe5 Rf5 71. Rc7+ Kf8
72. Rc8+ Kg7 73. Rc7+ 1/2-1/2

[Event "Quebec op"]
[Site "Montreal CAN"]
[Date "2006.07.15"]
[Round "9"]
[White "Anastasovski, Nikola"]
[Black "Fareh, Youness"]
[Result "1/2-1/2"]
[WhiteElo "2128"]
[BlackElo "2200"]
[PlyCount "117"]
[EventDate "2006.07.08"]
[EventType "swiss"]
[EventRounds "9"]
[EventCountry "CAN"]

1. e4 c5 2. c4 Nc6 3. Nc3 e6 4. g3 g6 5. Bg2 Bg7 6. d3 Nge7 7. Nge2 O-O 8. Be3
d6 9. Qd2 Nd4 10. Rc1 Qa5 11. h4 h5 12. g4 hxg4 13. h5 e5 14. Bh6 Be6 15. Ng3
a6 16. Kf1 Qc7 17. Nd5 Bxd5 18. cxd5 Qd7 19. hxg6 fxg6 20. Qg5 Rf7 21. Bxg7
Rxg7 22. Rh4 Nf3 23. Bxf3 gxf3 24. Kg1 Kf7 25. Qe3 Rf8 26. Qxf3+ Ke8 27. Qg4
Qb5 28. Qe2 Rgf7 29. Rh2 Rf3 30. Rd1 Qa4 31. b3 Qd4 32. Rg2 R8f4 33. Nf1 Rh3
34. Rh2 Rhf3 35. Ne3 b5 36. Rd2 Qa1+ 37. Qd1 Qc3 38. Qe2 Ng8 39. Rg2 Kf7 40.
Rd1 Nf6 41. Rg3 Rxf2 42. Qxf2 Rxf2 43. Kxf2 Qb2+ 44. Kg1 Nh5 45. Rf1+ Nf4 46.
Ng2 Qxa2 47. Nxf4 exf4 48. Rxf4+ Kg7 49. Rgf3 Qxb3 50. Rf7+ Kh6 51. Kg2 Qb2+
52. Kh3 Qe5 53. Kg2 g5 54. R7f6+ Kh5 55. Re6 Qb2+ 56. Rf2 Qe5 57. Rf3 c4 58.
Rh3+ Kg4 59. Rg3+ 1/2-1/2

[Event "Quebec op"]
[Site "Montreal CAN"]
[Date "2006.07.15"]
[Round "9"]
[White "Bekteshi, Muhamet"]
[Black "Masse, Hugues"]
[Result "1/2-1/2"]
[WhiteElo "2023"]
[BlackElo "2270"]
[PlyCount "152"]
[EventDate "2006.07.08"]
[EventType "swiss"]
[EventRounds "9"]
[EventCountry "CAN"]

1. d4 Nf6 2. Nf3 g6 3. c4 Bg7 4. Nc3 d5 5. Bf4 O-O 6. e3 c5 7. dxc5 Qa5 8. Nd2
dxc4 9. Bxc4 Qxc5 10. Qb3 Nc6 11. O-O Na5 12. Qb5 Qxb5 13. Bxb5 Be6 14. Rac1
Rac8 15. Be5 Rfd8 16. Rfd1 Nc6 17. Bxc6 Rxc6 18. Nf3 Rcc8 19. Nd4 Bd7 20. f3
Kf8 21. Rc2 Nh5 22. Bxg7+ Nxg7 23. Rcd2 Ke8 24. e4 Ne6 25. Nxe6 Bxe6 26. Rxd8+
Rxd8 27. Rxd8+ Kxd8 28. Kf2 Bd7 29. f4 f6 30. Ke3 Bc6 31. g4 e5 32. g5 Ke7 33.
fxe5 fxg5 34. Kd4 h5 35. Nd5+ Kf7 36. Nf6 g4 37. Nh7 h4 38. Ng5+ Kg7 39. Ke3
Bd7 40. Kf4 Bc8 41. e6 g3 42. hxg3 hxg3 43. Kxg3 Kf6 44. e7 Kxe7 45. e5 Bf5 46.
Kf4 Kd7 47. Ke3 Kc6 48. Kd4 Bb1 49. a3 Bf5 50. Kc4 Bb1 51. b4 Ba2+ 52. Kd4 b6
53. Ne4 Be6 54. Nc3 a6 55. Ke4 g5 56. Ne2 Kd7 57. Nd4 Bh3 58. Kf3 Be6 59. Kg3
Ke7 60. Nf3 g4 61. Nd4 Bd7 62. Kf4 a5 63. bxa5 bxa5 64. Nb3 Bc8 65. Nxa5 Ke6
66. Nc6 Bd7 67. Nd4+ Kd5 68. Ne2 Kc4 69. Ng3 Kb3 70. Ne4 Kxa3 71. Nf6 Be6 72.
Nxg4 Kb4 73. Nf6 Kc5 74. Ne4+ Kc6 75. Kg5 Ba2 76. Kf6 Bd5 1/2-1/2

[Event "Quebec op"]
[Site "Montreal CAN"]
[Date "2006.07.15"]
[Round "9"]
[White "Chabot, Roland"]
[Black "Fillion, Steve"]
[Result "1-0"]
[WhiteElo "2287"]
[BlackElo "2092"]
[PlyCount "53"]
[EventDate "2006.07.08"]
[EventType "swiss"]
[EventRounds "9"]
[EventCountry "CAN"]

1. d4 Nf6 2. c4 e6 3. Nc3 Bb4 4. e3 O-O 5. Nge2 d5 6. a3 Be7 7. cxd5 Nxd5 8. e4
Nxc3 9. Nxc3 c5 10. d5 exd5 11. exd5 Bf5 12. Qf3 Bg6 13. Bf4 Nd7 14. O-O-O Bf6
15. h4 Bxh4 16. d6 Bg5 17. g3 Re8 18. Bb5 a6 19. Bxd7 Bxf4+ 20. Qxf4 Qxd7 21.
Nd5 Re2 22. Ne7+ Kh8 23. Nxg6+ fxg6 24. Qc4 Qe6 25. Qxe6 Rxe6 26. d7 Rd8 27.
Rhe1 1-0

[Event "Quebec op"]
[Site "Montreal CAN"]
[Date "2006.07.15"]
[Round "9"]
[White "Cloutier, Mathieu"]
[Black "Desjardins, Michel"]
[Result "1-0"]
[WhiteElo "2059"]
[BlackElo "1907"]
[PlyCount "57"]
[EventDate "2006.07.08"]
[EventType "swiss"]
[EventRounds "9"]
[EventCountry "CAN"]

1. Nf3 d5 2. g3 c6 3. Bg2 Nf6 4. O-O Bg4 5. d4 e6 6. Nbd2 Nbd7 7. c4 Be7 8. Qb3
Qb6 9. c5 Qc7 10. Re1 b6 11. cxb6 Qxb6 12. Qa4 Qb5 13. Qxb5 cxb5 14. e4 Nb6 15.
Ne5 Bh5 16. Nc6 Kd7 17. Nxe7 Kxe7 18. exd5 Nbxd5 19. Ne4 Nxe4 20. Bxe4 Kd7 21.
Bxd5 exd5 22. Re5 Bf3 23. Rf5 Rhe8 24. Rxf7+ Re7 25. Rxf3 Re1+ 26. Kg2 Rc8 27.
Rc3 Rf8 28. b3 Rf7 29. Rf3 1-0

[Event "Quebec op"]
[Site "Montreal CAN"]
[Date "2006.07.15"]
[Round "9"]
[White "Dimev, Kiril"]
[Black "Forget, David"]
[Result "0-1"]
[WhiteElo "2014"]
[BlackElo "1929"]
[PlyCount "54"]
[EventDate "2006.07.08"]
[EventType "swiss"]
[EventRounds "9"]
[EventCountry "CAN"]

1. d4 d5 2. c4 c6 3. Qc2 Nf6 4. Nf3 e6 5. g3 Na6 6. Nbd2 Qa5 7. Bg2 Nb4 8. Qb3
Be7 9. O-O O-O 10. Ne5 c5 11. Ndf3 Nc6 12. dxc5 Bxc5 13. cxd5 Nxe5 14. Nxe5
exd5 15. Nd3 Bb6 16. Nf4 Rd8 17. Rd1 Bd7 18. Bd2 Qa6 19. a4 Bg4 20. Bf3 Bxf3
21. exf3 Qc4 22. Qa3 Bc5 23. b4 Bf8 24. Rac1 Qa6 25. Bc3 Rac8 26. Bd4 Rc4 27.
Nxd5 Rxd5 0-1

[Event "Quebec op"]
[Site "Montreal CAN"]
[Date "2006.07.15"]
[Round "9"]
[White "Gilman, Arkadiy"]
[Black "Ruiz, Sebastian"]
[Result "1/2-1/2"]
[WhiteElo "2191"]
[BlackElo "2110"]
[PlyCount "72"]
[EventDate "2006.07.08"]
[EventType "swiss"]
[EventRounds "9"]
[EventCountry "CAN"]

1. d4 Nf6 2. c4 e6 3. Nc3 Bb4 4. e3 O-O 5. Bd3 c5 6. Nge2 d5 7. O-O cxd4 8.
exd4 b6 9. cxd5 Bxc3 10. dxe6 Bb4 11. exf7+ Kh8 12. Bg5 Rxf7 13. Qb3 Qf8 14.
Nf4 Nc6 15. Qc2 Bb7 16. Bxh7 Nxh7 17. Ng6+ Kg8 18. Nxf8 Nxg5 19. Ng6 Nxd4 20.
Qc4 Ndf3+ 21. Kh1 a5 22. Qg4 Rf6 23. Qd7 Bc6 24. Ne7+ Bxe7 25. Qxe7 Re8 26. Qc7
Ne4 27. Rac1 Nfd2 28. Rxc6 Rf7 29. Qxb6 Nxf1 30. Re6 Nxf2+ 31. Kg1 Rxe6 32.
Qxe6 Nd2 33. Qe8+ Rf8 34. Qe6+ Rf7 35. Qe8+ Rf8 36. Qe6+ Rf7 1/2-1/2

[Event "Quebec op"]
[Site "Montreal CAN"]
[Date "2006.07.15"]
[Round "9"]
[White "Hajiyev, Elshad"]
[Black "Nicula, Marius"]
[Result "1/2-1/2"]
[WhiteElo "2007"]
[BlackElo "2131"]
[PlyCount "113"]
[EventDate "2006.07.08"]
[EventType "swiss"]
[EventRounds "9"]
[EventCountry "CAN"]

1. d4 g6 2. e4 Bg7 3. Nf3 d6 4. Bd3 e5 5. dxe5 dxe5 6. Bb5+ Nd7 7. Bg5 Ne7 8.
Nc3 O-O 9. Qd2 f6 10. Bc4+ Kh8 11. Bh6 Nb6 12. Bxg7+ Kxg7 13. Bd3 Be6 14. h4
Nc4 15. Bxc4 Bxc4 16. Qe3 Qd6 17. Rd1 Qe6 18. b3 Ba6 19. g4 Qxg4 20. Rg1 Qe6
21. h5 Rad8 22. Rxd8 Rxd8 23. hxg6 hxg6 24. Rh1 Rh8 25. Rxh8 Kxh8 26. Qh6+ Kg8
27. Nd5 c6 28. Nxe7+ Qxe7 29. Qxg6+ Qg7 30. Qxg7+ Kxg7 31. c4 b6 32. Kd2 Bc8
33. Kc3 c5 34. Nd2 Kg6 35. b4 cxb4+ 36. Kxb4 Bd7 37. c5 a5+ 38. Kc4 Be6+ 39.
Kb5 bxc5 40. a4 f5 41. Kxa5 fxe4 42. Nxe4 c4 43. Kb4 Bd5 44. Nc3 Ba8 45. Kxc4
Kf5 46. a5 Kf4 47. Kd3 Kf3 48. Nd1 Bb7 49. Kd2 e4 50. Ke1 Ba6 51. Ne3 Bb7 52.
Kf1 Ba6+ 53. Kg1 Bb7 54. Nf5 Kf4 55. Ne3 Kf3 56. Nf1 Ke2 57. Ne3 1/2-1/2

[Event "Quebec op"]
[Site "Montreal CAN"]
[Date "2006.07.15"]
[Round "9"]
[White "Jiang, Louie"]
[Black "Zafirov, Stephane"]
[Result "1/2-1/2"]
[WhiteElo "1997"]
[BlackElo "2148"]
[PlyCount "57"]
[EventDate "2006.07.08"]
[EventType "swiss"]
[EventRounds "9"]
[EventCountry "CAN"]

1. e4 e5 2. Nf3 Nc6 3. Bb5 a6 4. Ba4 d6 5. O-O Bd7 6. c3 Nf6 7. Re1 b5 8. Bc2
Be7 9. d3 O-O 10. Nbd2 Re8 11. Nf1 Bf8 12. Ng3 g6 13. Bg5 Bg7 14. Qd2 Bg4 15.
Bd1 Na5 16. h3 Be6 17. Nh2 Qc8 18. Rf1 Nd7 19. Ng4 f6 20. Bh6 Re7 21. Bxg7 Kxg7
22. Qh6+ Kh8 23. f4 Bxg4 24. Bxg4 Qf8 25. Qxf8+ Rxf8 26. Bxd7 Rxd7 27. f5 Kg7
28. b4 Nb7 29. Kf2 1/2-1/2

[Event "Quebec op"]
[Site "Montreal CAN"]
[Date "2006.07.15"]
[Round "9"]
[White "Khassanov, Marat"]
[Black "Moiseenko, Alexander"]
[Result "0-1"]
[WhiteElo "2318"]
[BlackElo "2662"]
[PlyCount "82"]
[EventDate "2006.07.08"]
[EventType "swiss"]
[EventRounds "9"]
[EventCountry "CAN"]

1. e4 c5 2. c4 Nc6 3. Nc3 g6 4. g3 Bg7 5. Bg2 e6 6. d3 Nge7 7. Nge2 O-O 8. Nf4
d6 9. h4 h6 10. O-O a6 11. Be3 Rb8 12. a4 Nd4 13. Rb1 Nec6 14. Na2 b5 15. axb5
axb5 16. b4 bxc4 17. bxc5 Rxb1 18. Qxb1 dxc5 19. dxc4 Ba6 20. Bxd4 Nxd4 21. Qd3
Qa5 22. Nc3 Rd8 23. e5 Bxe5 24. Ne4 Qa2 25. Qb1 Qxb1 26. Rxb1 Bxf4 27. gxf4
Bxc4 28. Nxc5 Ne2+ 29. Kh2 Nxf4 30. Bf3 Bd5 31. Bd1 Rc8 32. Na4 Kg7 33. Kg3 g5
34. Nb6 Rc3+ 35. f3 Rd3 36. hxg5 hxg5 37. Kg4 Kg6 38. Nxd5 Rxd5 39. Bc2+ f5+
40. Kg3 Rd2 41. Bxf5+ Kf6 0-1

[Event "Quebec op"]
[Site "Montreal CAN"]
[Date "2006.07.15"]
[Round "9"]
[White "Libersan, Thierry"]
[Black "Forget, Luc"]
[Result "0-1"]
[WhiteElo "2121"]
[BlackElo "1977"]
[PlyCount "98"]
[EventDate "2006.07.08"]
[EventType "swiss"]
[EventRounds "9"]
[EventCountry "CAN"]

1. e4 e5 2. Nf3 Nc6 3. Bb5 a6 4. Ba4 Nf6 5. O-O Nxe4 6. d4 b5 7. Bb3 d5 8. dxe5
Be6 9. c3 Bc5 10. Qe2 O-O 11. Be3 Bxe3 12. Qxe3 Na5 13. Nbd2 Nxb3 14. axb3 Nxd2
15. Nxd2 c6 16. b4 a5 17. bxa5 Rxa5 18. Nb3 Ra8 19. Rxa8 Qxa8 20. Ra1 Qb8 21.
Qd4 Rc8 22. Nc5 Qc7 23. b4 Qe7 24. Qf4 h6 25. h3 Rf8 26. Ra6 Rc8 27. Kh2 Kh7
28. g3 Kg8 29. Kg2 Kh7 30. Qd4 Kg8 31. f4 h5 32. Nd3 g6 33. Qc5 Qe8 34. Qd6 Rd8
35. Qc5 d4 36. cxd4 Qd7 37. Kf2 Bc4 38. Ne1 Qxh3 39. Ng2 Bd5 40. Ne3 Qh2+ 41.
Kf1 Bf3 42. Qc2 Qxg3 43. f5 Qf4 44. Qf2 Rxd4 45. fxg6 fxg6 46. Ra8+ Kf7 47. Kg1
Qg5+ 48. Kf1 Rf4 49. Ke1 Qh4 0-1

[Event "Quebec op"]
[Site "Montreal CAN"]
[Date "2006.07.15"]
[Round "9"]
[White "Luksza, Arkadiusz"]
[Black "Picard, Jean"]
[Result "1-0"]
[WhiteElo "2181"]
[BlackElo "2088"]
[PlyCount "89"]
[EventDate "2006.07.08"]
[EventType "swiss"]
[EventRounds "9"]
[EventCountry "CAN"]

1. Nf3 g6 2. c4 Nf6 3. Nc3 Bg7 4. e4 d6 5. d4 O-O 6. Be2 e5 7. O-O Nc6 8. d5
Ne7 9. Ne1 Nd7 10. Nd3 f5 11. Bd2 Nf6 12. f3 f4 13. c5 g5 14. cxd6 cxd6 15. Nf2
h5 16. a4 Kh7 17. a5 Neg8 18. Nb5 Ne8 19. a6 b6 20. b4 Nh6 21. Ra3 Rf7 22. Nc3
Bf8 23. b5 Nf6 24. Na2 g4 25. Nb4 Rg7 26. Nc6 Qe8 27. Rc3 Bd7 28. Qc1 Qg6 29.
Nd3 gxf3 30. Bxf3 Nxe4 31. Ndxe5 dxe5 32. Nxe5 Qf5 33. Nxd7 Rxd7 34. Rc4 Bc5+
35. Kh1 Nxd2 36. Qxd2 Re8 37. Rxf4 Be3 38. Rxf5 Bxd2 39. Rxh5 Kg6 40. Rh4 Nf5
41. Bh5+ Kg5 42. Bxe8 Rxd5 43. Rh5+ Kf6 44. Bc6 Re5 45. g4 1-0